<?xml version="1.0" encoding="UTF-8"?>
<record
    xmlns:xsi="http://www.w3.org/2001/XMLSchema-instance"
    xsi:schemaLocation="http://www.loc.gov/MARC21/slim http://www.loc.gov/standards/marcxml/schema/MARC21slim.xsd"
    xmlns="http://www.loc.gov/MARC21/slim">

  <leader>00383    a2200109   4500</leader>
  <controlfield tag="001">ART_11178</controlfield>
  <controlfield tag="005">20260410161855.0</controlfield>
  <controlfield tag="008">260409a                                 </controlfield>
  <datafield tag="245" ind1="1" ind2="0">
    <subfield code="a">La funci&#xF3;n del estado en la econom&#xED;a frente a la pol&#xED;tica econ&#xF3;mica exterior y la pol&#xED;tica fiscal</subfield>
  </datafield>
  <datafield tag="100" ind1="1" ind2=" ">
    <subfield code="a">Alemann, Roberto T.</subfield>
  </datafield>
  <datafield tag="773" ind1="0" ind2=" ">
    <subfield code="t">Revista de Econom&#xED;a</subfield>
    <subfield code="g">- N&#xBA; 36 (mar. 1983)</subfield>
    <subfield code="w">REV11077</subfield>
  </datafield>
  <datafield tag="999" ind1=" " ind2=" ">
    <subfield code="c">25374</subfield>
    <subfield code="d">25374</subfield>
  </datafield>
</record>
